• 首页
  • 本馆介绍
  • 公告通知
  • 最新文献
  • 馆藏检索
  • 电子资源
  • 读者导购
  • 参考咨询
  • 我的图书馆
  • 登录
  • 详细信息显示
  • 放入我的书架
  • 预约/预借图书
  • 作者相关作品
  • 分类相关作品
  • 丛书相关作品
  • 出版社相关作品

书目信息

  • 表格格式
  • 工作单格式
  • 卡片格式
题名:
氢能——21世纪的绿色能源
    
 
作者: 毛宗强 编著
分册:  
出版信息: 北京   化学工业出版社  2005
页数: 417页
开本: 24cm
丛书名: 21世纪可持续能源丛书
单 册:
中图分类: TK91
科图分类:
主题词: 氢能--资源开发--基本知识 , 氢能 , 资源开发
电子资源:
ISBN: 7-5025-6039-4
000 00958oam2 2200289 450
001 002782967
005 20080303092819.31
010    @a7-5025-6039-4@dCNY58.00
035    @a002782967
100    @a20041215d2005 em y0chiy0110 ea
101 0  @achi
102    @aCN@b110000
105    @aa z 000yy
106    @ar
200 1  @a氢能——21世纪的绿色能源@Aqing neng — — 21 shi ji de lv se neng yuan@f毛宗强编著
210    @a北京@c化学工业出版社@d2005
215    @a417页@c照片@d24cm
225 2  @a21世纪可持续能源丛书
330    @a本书收集了氢的基本数据和最新研究发展的成果,介绍了氢能的方方面面。内容包括开发氢能的必要性和迫切性;氢的基本性质;氢的各种制取和纯化方法、氢的应用等。
461  0 @1001002771288@12001 @a21世纪可持续能源丛书
606 0  @a氢能@x资源开发@x基本知识
606 0  @a氢能
606 0  @a资源开发
690    @aTK91@v4
701  0 @a毛宗强@Amao zong qiang@f(1947~)@4编著
801  0 @aCN@bNLC@c20080303
905    @dTK91@e100@f4
    
    氢能——21世纪的绿色能源/毛宗强编著.-北京:化学工业出版社,2005
    417页:照片;24cm.-(21世纪可持续能源丛书)
    
    
    ISBN 7-5025-6039-4:CNY58.00
    本书收集了氢的基本数据和最新研究发展的成果,介绍了氢能的方方面面。内容包括开发氢能的必要性和迫切性;氢的基本性质;氢的各种制取和纯化方法、氢的应用等。
●
相关链接 在E读中查询图书 在五车中查询图书 在当当中查询图书 在豆瓣中查询图书


正题名:氢能——21世纪的绿色能源     索取号:TK91/100         预约/预借

序号 登录号 条形码 馆藏地/架位号 状态 备注
1 0614944   206149443   第二样本阅览室/ [索取号:TK91/100] 在馆    
2 0614945   206149452   第三借阅区/ [索取号:TK91/100] 在馆    
3 0614946   206149461   第三借阅区/ [索取号:TK91/100] 在馆    
4 0614947   206149470   第三借阅区/ [索取号:TK91/100] 在馆    
唐山师范学院图书馆 欢迎您!
大连网信软件有限公司© 版权所有